| 000 | 00689nam a2200217 i 4500 | ||
|---|---|---|---|
| 001 | 48826 | ||
| 003 | ES-MaACL | ||
| 005 | 20250809063457.0 | ||
| 007 | t| | ||
| 008 | 950906s1875 fr ||||1| fre d | ||
| 040 |
_aCAM _bspa _cCAM |
||
| 080 | _a821.111-31"18" | ||
| 100 | 1 |
_aDisraeli, Benjamin, _d1804-1881 _944878 |
|
| 245 | 1 | 0 |
_aSybil _b: roman anglais / _cBenjamin Disraeli; traduit... sous la direction de P. Lorain. |
| 260 |
_aParis : _bHachette et Cie., _c1875 ( _eCoulomiers : _fA. Moussin) |
||
| 300 |
_a1 v. ; _c19 cm. |
||
| 505 | 8 | _aContiene 2 t. en 1 v. | |
| 700 | 1 |
_aLorain, Paul ( _d1799-1861) _974061 |
|
| 852 |
_aES-MaACL _jG-10745 |
||
| 999 |
_c48826 _d48826 |
||